La Mitjana noblesa catalana a la darreria de l'etapa foral / Miquel Àngel Martínez Rodríguez
ISBN:
978-84-9779-965-2
Descripción Física:
178 p. ; 24 cm
Colección:
Estudis ; 55
Otros Autores:
Fundació Noguera
MARC
| LEADER | 00000nam a2200000Ia 4500 | ||
|---|---|---|---|
| 001 | 22739 | ||
| 008 | 160829s2010 xx 000 0 cat d | ||
| 020 | |a 978-84-9779-965-2 | ||
| 080 | |a H-3-110 | ||
| 100 | |a Martínez Rodríguez, Miquel Àngel |9 23417 | ||
| 245 | |a La Mitjana noblesa catalana a la darreria de l'etapa foral / Miquel Àngel Martínez Rodríguez | ||
| 260 | |a Barcelona : |b Fundació Noguera ; Lleida : |b Pagès Editors, |c 2010 | ||
| 300 | |a 178 p. ; |c 24 cm | ||
| 490 | |a Estudis ; 55 | ||
| 590 | |a Bibliografia | ||
| 650 | |a Noblesa |x Catalunya |x S. XVII |9 45461 | ||
| 650 | |a Noblesa |x Catalunya |x S. XVIII |9 45462 | ||
| 650 | |a Noblesa |x Catalunya |x S. XVI-XVIII |9 45463 | ||
| 700 | |a Fundació Noguera |9 70407 | ||
| 901 | |a Arxiu | ||
| 942 | |n 1 | ||
| 952 | |0 0 |1 0 |4 0 |6 H3110 |7 1 |9 52613 |a Arxiu |b Arxiu |d 2016-12-01 |l 0 |o H-3-110 |p 22739 |r 2016-12-01 00:00:00 |w 2016-12-01 |y ARXIU | ||
| 999 | |c 56462 |d 56462 | ||